Statistics for All-Time Toronto Maple Leafs

Click here to take the quiz!

General Stats

  • This quiz has been taken 120 times
  • The average score is 6 of 13

Answer Stats

PositionAnswer% Correct
1st Line CSundin
90%
1st Line RWGilmour
79%
1st Line DefenseSalming
67%
1st Line LWClark
66%
Backup Goalie Bower
62%
1st Line DefenseHorton
60%
2nd Line CKeon
46%
Starting GoaliePotvin
44%
2nd Line DefenseKaberle
34%
2nd Line RWKessel
22%
CoachDay
21%
2nd Line DefensePhaneuf
18%
2nd Line LWAndreychuk
14%

Score Distribution

Percentile by Number Answered

Percent of People with Each Score

Your Score History

You have not taken this quiz